| 000 | 00543nam a22002057a 4500 | ||
|---|---|---|---|
| 003 | OSt | ||
| 005 | 20140310182929.0 | ||
| 008 | 130130t xxu||||| |||| 00| 0 eng d | ||
| 020 | _a9715740782 | ||
| 050 |
_aLB 2369 _bG216 2003 |
||
| 082 |
_aFIL 001.42 _bG16 2003 |
||
| 245 |
_aFundamentals of research and research designing _cGarcia, Carlito D. |
||
| 260 |
_aQuezon City : _bKatha, _c2003 |
||
| 300 |
_a156 p. ; _c25 cm. |
||
| 521 | _aCollege | ||
| 526 | _c1210L-1700L | ||
| 541 | _j1 | ||
| 562 | _e1 | ||
| 942 |
_2lcc _cBK _kFIL |
||
| 999 |
_c17498 _d17498 |
||